| Tag |
First Indicator |
Second Indicator |
Subfields |
| LEADER |
00000cam a2200000 4500 |
| 001 |
in00000063096 |
| 005 |
20151008051139.0 |
| 008 |
750617s1964 dcu b 00000 eng u |
| 010 |
|
|
|a 64019615
|
| 035 |
|
|
|a (OCoLC)01396710
|
| 035 |
|
|
|9 AAG6041AM
|
| 040 |
|
|
|c MIA
|d TXA
|d UtOrBLW
|
| 049 |
|
|
|a TXAM
|c [453326]
|
| 050 |
0 |
0 |
|a HB3634.8
|b .H6
|
| 082 |
0 |
|
|a 309.156
|
| 092 |
|
|
|a 309.156
|b H737p
|
| 100 |
1 |
|
|a Holler, Joanne E.
|
| 245 |
1 |
0 |
|a Population growth and social change in the Middle East.
|
| 264 |
|
1 |
|a [Washington] :
|b [Population Research Project, George Washington University],
|c 1964.
|
| 300 |
|
|
|a 52 pages ;
|c 23 cm.
|
| 336 |
|
|
|a text
|b txt
|2 rdacontent
|
| 337 |
|
|
|a unmediated
|b n
|2 rdamedia
|
| 338 |
|
|
|a volume
|b nc
|2 rdacarrier
|
| 504 |
|
|
|a Bibliography: pages 47-52.
|
| 651 |
|
0 |
|a Middle East
|x Population.
|
| 651 |
|
0 |
|a Middle East
|x Social conditions.
|
| 999 |
|
|
|a MARS
|
| 999 |
f |
f |
|s 7c3bd9f5-68da-3cc1-80cc-c80826498a18
|i 191ea668-3f71-3b45-a365-5324cf7f037e
|t 0
|
| 952 |
f |
f |
|p ric
|a Texas A&M University
|b Rellis Campus
|c Joint Library Facility
|d Remote Storage
|t 0
|e HB3634.8 .H6
|h Library of Congress classification
|i unmediated -- volume
|m A14800649160
|
| 998 |
f |
f |
|a HB3634.8 .H6
|t 0
|l Remote Storage
|